Outlander Season 4 (Record no. 248211)
[ view plain ]
| 000 -LEADER | |
|---|---|
| fixed length control field | 01984ngm a2200445Ma 4500 |
| 001 - CONTROL NUMBER | |
| control field | on1101638961 |
| 003 - CONTROL NUMBER IDENTIFIER | |
| control field | OCoLC |
| 005 - DATE AND TIME OF LATEST TRANSACTION | |
| control field | 20190828135301.0 |
| 007 - PHYSICAL DESCRIPTION FIXED FIELD--GENERAL INFORMATION | |
| fixed length control field | vd cvaizs |
| 008 - FIXED-LENGTH DATA ELEMENTS--GENERAL INFORMATION | |
| fixed length control field | 190319s2014 xxu746 e vleng d |
| 040 ## - CATALOGING SOURCE | |
| Original cataloging agency | BYV |
| Language of cataloging | eng |
| Transcribing agency | BYV |
| Modifying agency | BYV |
| -- | UINTA |
| 024 1# - OTHER STANDARD IDENTIFIER | |
| Standard number or code | 043396554801 |
| 028 42 - PUBLISHER NUMBER | |
| Publisher number | 12334257 |
| 035 ## - SYSTEM CONTROL NUMBER | |
| System control number | (OCoLC)1101638961 |
| 049 ## - LOCAL HOLDINGS (OCLC) | |
| Holding library | UCLB |
| 245 00 - TITLE STATEMENT | |
| Title | Outlander Season 4 |
| Medium | [videorecording]. |
| 250 ## - EDITION STATEMENT | |
| Edition statement | Widescreen ed. |
| 260 ## - PUBLICATION, DISTRIBUTION, ETC. (IMPRINT) | |
| Place of publication, distribution, etc | [United States] : |
| Name of publisher, distributor, etc | Sony Pictures Home Entertainment, |
| Date of publication, distribution, etc | 2019. |
| 300 ## - PHYSICAL DESCRIPTION | |
| Extent | 5 videodiscs (ca. 746 min.) : |
| Other physical details | sd., col. ; |
| Dimensions | 4 3/4 in. |
| 500 ## - GENERAL NOTE | |
| General note | 05/28/2019. |
| 511 1# - PARTICIPANT OR PERFORMER NOTE | |
| Participant or performer note | Caitriona Balfe, Sam Heughan, Duncan Lacroix, Maria Doyle Kennedy, Sophie Skelton, Richard Rankin, John Bell, Ed Speelers, Cesar Domboy, Lauren Lyle, David Berry. |
| 538 ## - SYSTEM DETAILS NOTE | |
| System details note | DVD. |
| 546 ## - LANGUAGE NOTE | |
| Language note | English, French audio; English, French, Spanish subtitles. |
| 521 8# - TARGET AUDIENCE NOTE | |
| Target audience note | TV rating: TV-MA. |
| 520 ## - SUMMARY, ETC. | |
| Summary, etc | Season Four continues the story of Claire and Jamie Fraser as they try to make a home for themselves in colonial America. The Frasers in North Carolina are at another turning point in history, the edge of the American Revolution. Along the way, the Frasers cross paths with notorious pirate Stephen Bonnet in a fateful meeting that will haunt the family. Meanwhile, Brianna and Roger grow closer in the twentieth century but make a shocking discovery that has them following in Claire's footsteps. |
| 650 #4 - SUBJECT ADDED ENTRY--TOPICAL TERM | |
| Topical term or geographic name as entry element | Television series. |
| 9 (RLIN) | 92599 |
| 655 #4 - INDEX TERM--GENRE/FORM | |
| Genre/form data or focus term | Drama. |
| 9 (RLIN) | 5673873 |
| 700 1# - ADDED ENTRY--PERSONAL NAME | |
| Personal name | Balfe, Caitriona. |
| 9 (RLIN) | 5797804 |
| 700 1# - ADDED ENTRY--PERSONAL NAME | |
| Personal name | Heughan, Sam. |
| 9 (RLIN) | 5755329 |
| 700 1# - ADDED ENTRY--PERSONAL NAME | |
| Personal name | Lacroix, Duncan. |
| 9 (RLIN) | 5797805 |
| 700 1# - ADDED ENTRY--PERSONAL NAME | |
| Personal name | Kennedy, Maria Doyle. |
| 9 (RLIN) | 59260 |
| 700 1# - ADDED ENTRY--PERSONAL NAME | |
| Personal name | Skelton, Sophie. |
| 9 (RLIN) | 5797806 |
| 700 1# - ADDED ENTRY--PERSONAL NAME | |
| Personal name | Rankin, Richard. |
| 9 (RLIN) | 5797807 |
| 700 1# - ADDED ENTRY--PERSONAL NAME | |
| Personal name | Bell, John. |
| 9 (RLIN) | 5797808 |
| 700 1# - ADDED ENTRY--PERSONAL NAME | |
| Personal name | Speelers, Ed. |
| 9 (RLIN) | 5797809 |
| 700 1# - ADDED ENTRY--PERSONAL NAME | |
| Personal name | Domboy, Cesar. |
| 9 (RLIN) | 5797810 |
| 700 1# - ADDED ENTRY--PERSONAL NAME | |
| Personal name | Lyle, Lauren. |
| 9 (RLIN) | 5797811 |
| 700 1# - ADDED ENTRY--PERSONAL NAME | |
| Personal name | Berry, David. |
| 9 (RLIN) | 5797812 |
| 994 ## - | |
| -- | C0 |
| -- | UINTA |
| Withdrawn status | Lost status | Source of classification or shelving scheme | Materials specified (bound volume or other part) | Damaged status | Not for loan | Collection code | Home library | Current library | Shelving location | Date acquired | Source of acquisition | Cost, normal purchase price | Total Checkouts | Total Renewals | Full call number | Barcode | Date last seen | Date checked out | Cost, replacement price | Price effective from | Koha item type |
|---|---|---|---|---|---|---|---|---|---|---|---|---|---|---|---|---|---|---|---|---|---|
| Dewey Decimal Classification | .CIRCNOTE. 5 discs | Television Series | Wasatch County Library | Wasatch County Library | Audio Visual Area | 06/20/2019 | 45.99 | 25 | 7 | TV Series Outlander #4 | 34301001633827 | 03/07/2024 | 01/14/2023 | 45.99 | 03/20/2020 | DVD Series |
